Economic fluctuations; (Record no. 1793)
[ view plain ]
| 000 -LEADER | |
|---|---|
| fixed length control field | 00735nac a22002171u 4500 |
| 010 ## - LIBRARY OF CONGRESS CONTROL NUMBER | |
| LC control number | 59007387 |
| 035 ## - SYSTEM CONTROL NUMBER | |
| System control number | (OCoLC)838953 |
| 082 ## - DEWEY DECIMAL CLASSIFICATION NUMBER | |
| Classification number | 338.54 |
| Item number | L4771 |
| 090 ## - LOCALLY ASSIGNED LC-TYPE CALL NUMBER (OCLC); LOCAL CALL NUMBER (OCLC) | |
| -- | 1793 |
| -- | 1793 |
| 100 ## - MAIN ENTRY--PERSONAL NAME | |
| Personal name | Lee, Maurice W. |
| 245 10 - TITLE STATEMENT | |
| Title | Economic fluctuations; |
| Remainder of title | growth and stability. |
| 250 ## - EDITION STATEMENT | |
| Edition statement | Rev. ed. |
| 260 ## - PUBLICATION, DISTRIBUTION, ETC. (IMPRINT) | |
| Place of publication, distribution, etc | Homewood, Ill., |
| Name of publisher, distributor, etc | R.D. Irwin, |
| Date of publication, distribution, etc | 1959. |
| 300 ## - PHYSICAL DESCRIPTION | |
| Extent | 659 p. |
| Other physical details | illus. |
| Dimensions | 24 cm. |
| 440 #4 - | |
| -- | The Irwin series in economics |
| 500 ## - GENERAL NOTE | |
| General note | Donations |
| 500 ## - GENERAL NOTE | |
| General note | Donations - Dr. Mostafa Gouda |
| 650 #0 - SUBJECT ADDED ENTRY--TOPICAL TERM | |
| Topical term or geographic name as entry element | Business cycles. |
| 942 ## - ADDED ENTRY ELEMENTS (KOHA) | |
| Item type | Book - Borrowing |
| Call number prefix | 338.54L4771 |
| Withdrawn status | Item status | Damaged status | Not for loan | Home library | Current library | Shelving location | Date acquired | Source of acquisition | Total Checkouts | Full call number | Barcode | Date last seen | Date last borrowed | Koha item type |
|---|---|---|---|---|---|---|---|---|---|---|---|---|---|---|
| Central Library | Central Library | First floor | 06/12/2014 | Purchase | 3 | 338.54 LEE | 000002524 | 15/07/2025 | 25/11/2015 | Book - Borrowing |